San Antonio Spurs 2000's Starters - Statistics

General Stats
  • This quiz has been taken 404 times
    346 since last reset
  • The average score is 8 of 20
Answer Stats
Player Starts % Correct
Tim Duncan 10
100%
Tony Parker 8
99%
Manu Ginóbili 3
97%
David Robinson 4
94%
Bruce Bowen 7
68%
Avery Johnson 1
59%
Stephen Jackson 1
49%
Sean Elliott 1
45%
Michael Finley 2
34%
Fabricio Oberto 1
30%
Steve Smith 1
23%
Mario Elie 1
22%
Rasho Nesterović 3
19%
Matt Bonner 1
16%
Chucky Brown 1
15%
Derek Anderson 1
12%
Francisco Elson 1
8%
Roger Mason 1
8%
Hedo Türkoğlu 1
6%
Terry Porter 1
6%
No matching quizzes found
Score Distribution
Percent of People with Each Score
Percentile by Number Answered
Your Score History
You have not taken this quiz since the last reset